000 00325cam a22001217a 4500
008 180718b1960 xxu||||| |||| 00| 0 eng d
082 _aD49 F197/14-18
100 _aFalls, Cyril
245 _aFirst world war
_cby Cyril Falls
260 _aLondon
_bLongmans
_c1960
300 _a421p.
650 _aWorld War, 1914-1918 --Sources
999 _c365137
_d365137